000 00425nam a22001817a 4500
003 MPLRDC
005 20220104143301.0
008 210129b ||||| |||| 00| 0 eng d
020 _a7-80002-024-X
082 _a617 HZ
100 _a黄裳
245 _a笔祸史谈丛
_c
250 _a一版一刷
260 _a
_b人民日报出版社
_c1988
300 _b
650 _a中国史地杂论
942 _cBK
_o617 HZ
999 _c38398
_d38388